000
002430000a22000970004500
100
1
_a
Storkey, Elaine
245
1
0
_a
Modernity and anthropology
300
_a
Vol. 18, Núm 65 (1993), Páginas 10-11
773
0
_t
World Evangelization
942
_c
ANA
999
_c
57773
_d
57773